Od deficitu k prebytku. Od izolácie ku konvertibilite /

Na minha lista:
Detalhes bibliográficos
Main Authors: Troják, Jozef (Author), Dolák, Štefan (Author)
Formato: Livro
Idioma:eslovaco
Publicado em: Bratislava : Alfa, 1990
Tags: Adicionar Tag
Sem tags, seja o primeiro a adicionar uma tag!

MARC

LEADER 00000nam a22000003a 4500
001 stu365
005 20150617225621.7
008 910524s1990----cs------------------slo-d
040 |a STU  |b slo 
041 0 |a slo 
044 |a cs 
080 |a 338.24.021.8 
100 1 |a Troják, Jozef  |4 aut 
245 1 |a Od deficitu k prebytku. Od izolácie ku konvertibilite /  |c [aut.] Dolák,řtefan; Troják,Jozef 
260 |a Bratislava :  |b Alfa,  |c 1990 
300 |a 140 s 
700 1 |a Dolák, Štefan  |4 aut 
996 |b I4435  |c I*4435  |l II680  |s A  |a 24  |w stu365_0001